Názvy ulíc a námestí gemerských a malohontských miest

Podrobná bibliografia
Hlavný autor: Krško, Jaromír, 1967- (Autor)
Médium: Článok
Jazyk:slovenčina
Fyzický popis:1 tab.
Predmet:

MARC

LEADER 00000nab a2200000 a 4500
001 vtls001003381
003 SK-MaSNL
005 20260303040931.0
008 040720e19970000xo 0 slo
035 |a RV3981 
040 |a RVGKPD  |b slo  |c RVGKPD  |e AACR2 
041 0 |a slo 
044 |a xo  |c SK 
080 |a 801.311.1  |2 1981 
100 1 |a Krško, Jaromír,  |d 1967-  |4 aut  |9 204575 
245 1 0 |a Názvy ulíc a námestí gemerských a malohontských miest 
300 |b 1 tab. 
650 0 7 |a názvy ulíc  |2 RVGKPD  |9 23567 
651 7 |a Gemer (Slovensko : región)  |2 RVGKPD  |9 173411 
651 7 |a Malohont (Gemer, Slovensko : región)  |2 RVGKPD  |9 172288 
655 7 |a periodikum  |2 snkbucl  |9 29553 
773 0 8 |t Obzor Gemera-Malohontu  |g Roč. 25, č.4 ([1997]), s. 190-192 
852 |a ZVYKNI  |b KIS3GCP 
999 |c 1684366  |d 1686296